La politique pétrolière internationale

Guardat en:
Dades bibliogràfiques
Autor principal: Durand, Daniel
Format: Llibre
Idioma:Undetermined
Publicat: Paris Presses Universitaires de France 1962
Matèries:
Etiquetes: Afegir etiqueta
Sense etiquetes, Sigues el primer a etiquetar aquest registre!
Thư viện lưu trữ: Trung tâm Học liệu Trường Đại học Cần Thơ
LEADER 00488nam a2200169Ia 4500
001 CTU_98841
008 210402s9999 xx 000 0 und d
082 |a 338.27282 
082 |b D948 
100 |a Durand, Daniel 
245 0 |a La politique pétrolière internationale 
245 0 |c Daniel Durand 
260 |a Paris 
260 |b Presses Universitaires de France 
260 |c 1962 
650 |a Petroleum industry and trade 
980 |a Trung tâm Học liệu Trường Đại học Cần Thơ